Memoria leída en la sesión inaugural del Ateneo de Vitoria, el dia 21 de octubre en el curso de 1873 a 1874 / (Record no. 151608)

MARC details
000 -LEADER
campo de control de longitud fija 00977nam a2200193 i 4500
001 - NÚMERO DE CONTROL
campo de control 151608
003 - IDENTIFICADOR DE NÚMERO DE CONTROL
campo de control ES-MaACL
005 - FECHA Y HORA DE LA ÚLTIMA TRANSACCIÓN
campo de control 20230906204304.0
008 - DATOS DE LONGITUD FIJA--INFORMACIÓN GENERAL
campo de control de longitud fija 931025s1873 sp |||| | spa d
110 2# - ENTRADA PRINCIPAL--NOMBRE DE ENTIDAD CORPORATIVA
Nombre de entidad corporativa o nombre de jurisdicción como elemento de entrada Ateneo de Vitoria.
9 (RLIN) 1848
245 10 - MENCIÓN DEL TÍTULO
Título Memoria leída en la sesión inaugural del Ateneo de Vitoria, el dia 21 de octubre en el curso de 1873 a 1874 /
Mención de responsabilidad, etc. por Fermín Herrán.
260 ## - PUBLICACIÓN, DISTRIBUCIÓN, ETC.
Lugar de publicación, distribución, etc. Vitoria :
Nombre del editor, distribuidor, etc. [s.n.,
Fecha de publicación, distribución, etc. 1873?] (
Fabricante Impr. de los Hijos de Manteli)
300 ## - DESCRIPCIÓN FÍSICA
Extensión 14 p. ;
Dimensiones 21 cm.
610 2# - PUNTO DE ACCESO ADICIONAL DE MATERIA--NOMBRE DE ENTIDAD CORPORATIVA
Nombre de entidad corporativa o nombre de jurisdicción como elemento de entrada Ateneo de Vitoria-
Subdivisión de forma Memorias.
9 (RLIN) 151231
700 0# - ENTRADA AGREGADA--NOMBRE PERSONAL
Nombre de persona Herrán, Fermín.
9 (RLIN) 63148
852 ## - LOCALIZACIÓN
Ubicación ES-MaACL
Número de control de estantería T-189-F-2
Nota libre -- Enc. hol. deteriorada
condición física -- Falta de la cub. original
Nota libre -- Enc. en un vol. facticio
Encuadernación -- Edic.: En los dos ejemplares del Ateneo de Madrid se han corregido a pluma las fechas del título, donde ponía "curso de 1872 a 1873" han puesto "curso de 1873 a 1874"
852 ## - LOCALIZACIÓN
Ubicación ES-MaACL
Número de control de estantería T-171-F-18
852 ## - LOCALIZACIÓN
Ubicación ES-MaACL
Número de control de estantería T-187-F-1
Nota libre .- Enc. en un vol. facticio
Holdings
Estatus retirado Estado de pérdida Estado de daño No para préstamo Colección Biblioteca de origen Biblioteca actual Ubicación en estantería Fecha de adquisición Fuente de adquisición Total de préstamos Signatura topográfica completa Código de barras Visto por última vez Precio de reemplazo Tipo de ítem Koha
        Colección de folletos Biblioteca del Ateneo de Madrid Biblioteca del Ateneo de Madrid Depósito folletos 03/02/2009     T-171-F-18 1178602 23/02/2023 23/02/2023 Folleto
        Colección de folletos Biblioteca del Ateneo de Madrid Biblioteca del Ateneo de Madrid Depósito folletos 17/01/2008     T-189-F-2 1158217 23/02/2023 23/02/2023 Folleto
        Colección de folletos Biblioteca del Ateneo de Madrid Biblioteca del Ateneo de Madrid Depósito folletos 21/04/2016     T-187-F-1 1195139 23/02/2023 23/02/2023 Folleto